000
00333nam a2200133Ia 4500
008
240624s9999 xx 000 0 und d
041
_a
eng
082
_a
343.052 DUN
100
_a
DUN
245
_a
FOREIGN EXCHANGE MARKETS
260
_c
2008
_a
New Delhi
_b
Tata McGraw- Hill
300
_a
ix, : 145 : p. : cm. ; 23
365
_c
RS
_b
20
999
_c
16012
_d
16012